|
|
|
|
| LEADER |
00000nam a22000007a 4500 |
| 005 |
20210825120341.0 |
| 007 |
cr|||| ||| |
| 008 |
210825s2021 es |||||s|||| 00||0 spa d |
| 020 |
|
|
|a 978-84-1377-373-5
|
| 035 |
|
|
|a 33546
|
| 040 |
|
|
|a vLex
|
| 090 |
|
|
|c 12116
|d 12116
|
| 100 |
1 |
|
|a Lp̤ez Espadafor, Carlos Mara̕
|
| 245 |
|
|
|a Cuestiones tributarias actuales a la luz del derecho de propiedad
|h [Recurso electrn̤ico] :
|b Disciplina de la Unin̤ Europea versus disciplina estatal /
|c Carlos Mara̕ Lp̤ez Espadafor, David Garca̕ Guerrero
|
| 256 |
|
|
|a Servicio en ln̕ea
|
| 260 |
|
|
|a Madrid:
|b Dykinson,
|c 2021
|
| 300 |
|
|
|a 1 recurso electrn̤ico
|
| 500 |
|
|
|a Parte I. En este trabajo pretendemos determinar en qu ̌medida el derecho de propiedad puede actuar como lm̕ite a ciertas medidas de armonizacin̤ fiscal en la Unin̤ Europea. Parte II. Quizs̀ en el m̀bito estatal es donde l︢timamente se ha descuidado la consideracin̤ fiscal de este derecho, frente al m̀bito autonm̤ico y local. De ah ̕la atencin̤ que aqu ̕le prestamos. Parte III. Parte de la regulacin̤ jurd̕ica del Impuesto sobre el Incremento del Valor de los Terrenos de Naturaleza Urbana -impuesto local que tiene carc̀ter potestativo- ha sido protagonista en los tribunales y en el Tribunal Constitucional. Tal es as ̕que la STC 59/2017, de 11 de mayo, la que declar ̤la inconstitucionalidad parcial de los arts. 107.1 y 2 a) y la inconstitucionalidad total del art. 110.4 del Real Decreto Legislativo 2/2004, de 5 de marzo, por el que se aprueba el texto refundido de la Ley Reguladora de las Haciendas Locales.
|
| 506 |
1 |
|
|a Disponible solo en los productos indicados
|d vLex Global
|d vLex Global (Academic Edition, excluding Law Schools)
|d vLex Global (U.S. Academic Edition, Law Schools)
|d vLex Global (U.S. Academic Edition, excluding Law Schools)
|d vLex Global (Academic Edition, Law Schools)
|
| 650 |
0 |
4 |
|a Derecho Tributario
|z Espaą
|
| 650 |
0 |
4 |
|a Financiero
|z Espaą
|
| 700 |
1 |
|
|a Garca̕ Guerrero, David
|
| 740 |
0 |
|
|a vLex Libros (Servicio en ln̕ea)
|
| 856 |
4 |
0 |
|u https://app.vlex.com/#/sources/33546
|z Acceso restringido
|
| 942 |
|
|
|c BOOK
|
| 999 |
0 |
|
|a Tax Law
|
| 999 |
0 |
|
|a Financial
|